| 000 | 01754nam a2200373 a 4500 | ||
|---|---|---|---|
| 001 | 00003802 | ||
| 003 | DO-SdBNP | ||
| 005 | 20160519135659.0 | ||
| 007 | 00003802 | ||
| 008 | 150130s2013 dr acd 000 0 spa d | ||
| 020 | _a9789945174731 | ||
| 040 |
_aBPMSU _bspa _cBPMSU |
||
| 092 |
_a373.83 _bC569s 4to. 2013 |
||
| 245 | 0 | 0 |
_aCiencias sociales 4 : _beducación media / _cdirección editorial Anna Rogero Soler ; colaboración Víctor Ruiz... [et.al] ; edición Marcos Reynoso. |
| 260 |
_aSanto Domingo : _bSM, _c2013 |
||
| 300 |
_a263 p. : _bil., retrs., mapas ; _c29 cm. + _eCD-ROM |
||
| 490 | 1 | _aProyecto Sé | |
| 505 | 0 |
_tUnidad 1: _tDe la caída de la dictadura hasta el golpe de Estaddo de 1963 -- _tUnidad 2 : _t El Triunvirato y la Guerra de Abril -- _tUnidad 3 : _tLos Doce Años de Balaguer -- _tUnidad 4 : _tConsolidación de la democracia -- _tUnidad 5 : _tOrganización territorial y población dominicana -- _tUnidad 6 : _tSociedad y cultura -- _gUnidad 7 : _tProducción nacional y los servicios -- _gUnidad 8 : _tEconomía actual -- |
|
| 650 | 4 |
_aCIENCIAS SOCIALES _xEDUCACIÓN SECUNDARIA |
|
| 650 | 4 |
_aCIENCIAS SOCIALES _xESTUDIOS Y EJERCICIOS |
|
| 650 | 4 |
_aCIENCIAS SOCIALES _xLIBROS DE TEXTOS |
|
| 650 | 4 |
_aCIENCIAS SOCIALES _xEDUCACIÓN SECUNDARIA |
|
| 650 | 4 |
_aEDUCACIÓN SECUNDARIA _zREPÚBLICA DOMINICANA |
|
| 700 | 1 | 2 |
_aRogero Soler, Anna, _eed. |
| 700 | 1 | 2 |
_aRuiz, Víctor _ecolab. |
| 700 | 1 | 2 |
_aReynoso, Marcos, _eed. |
| 830 | 0 | _aProyecto Sé | |
| 910 | _aValidado. Control de calidad MFF | ||
| 930 | 1 |
_lBND01 _mLF1 _820130506 _f01 _pHD _g36709 |
|
| 942 |
_2ddc _cBK |
||
| 956 |
_aYLOCKWARD _b10 _c20150603 _lBND01 _h1156 |
||
| 956 |
_aVMATEO _b10 _c20150605 _lBMET02 _h00151 |
||
| 956 |
_aLOPEREZ _b10 _cBPMSU _l00260 |
||
| 999 |
_c9443 _d9443 |
||